Cloud Computing (Record no. 14018)

MARC details
000 -LEADER
fixed length control field 00409nam a22001697a 4500
003 - CONTROL NUMBER IDENTIFIER
control field OSt
008 - FIXED-LENGTH DATA ELEMENTS--GENERAL INFORMATION
fixed length control field 260606b |||||||| |||| 00| 0 eng d
020 ## - INTERNATIONAL STANDARD BOOK NUMBER
International Standard Book Number 9781316638101
082 ## - DEWEY DECIMAL CLASSIFICATION NUMBER
Classification number 004.6782 BHC
100 ## - MAIN ENTRY--PERSONAL NAME
Personal name BHOWMIK,Sandeep
245 ## - TITLE STATEMENT
Title Cloud Computing
250 ## - EDITION STATEMENT
Edition statement 1st Ed Rep
260 ## - PUBLICATION, DISTRIBUTION, ETC. (IMPRINT)
Place of publication, distribution, etc New Delhi
Name of publisher, distributor, etc Cambridge University Press
Date of publication, distribution, etc 2025
300 ## - PHYSICAL DESCRIPTION
Extent 407p.
942 ## - ADDED ENTRY ELEMENTS (KOHA)
Source of classification or shelving scheme Dewey Decimal Classification
Koha item type Text Books
Holdings
Withdrawn status Lost status Source of classification or shelving scheme Damaged status Not for loan Collection code Home library Current library Date acquired Source of acquisition Currency Cost, normal purchase price Bill Number Total Checkouts Full call number Acc. no. / Barcode Date last seen Actual Cost, discounted price Bill Date Koha item type
    Dewey Decimal Classification     BCA in Cloud Technology and Information Security PIET C-LIBRARY PIET C-LIBRARY 30/05/2026 Zafaa Books and Distributors INR 825.00 ZBD2026-27-0065   004.6782 BHC BC2747 06/06/2026 577.50 30/05/2026 Reference Books
    Dewey Decimal Classification     BCA in Cloud Technology and Information Security PIET C-LIBRARY PIET C-LIBRARY 30/05/2026 Zafaa Books and Distributors INR 825.00 ZBD2026-27-0065   004.6782 BHC BC2748 06/06/2026 577.50 30/05/2026 Text Books
    Dewey Decimal Classification     BCA in Cloud Technology and Information Security PIET C-LIBRARY PIET C-LIBRARY 30/05/2026 Zafaa Books and Distributors INR 825.00 ZBD2026-27-0065   004.6782 BHC BC2749 06/06/2026 577.50 30/05/2026 Text Books
    Dewey Decimal Classification     BCA in Cloud Technology and Information Security PIET C-LIBRARY PIET C-LIBRARY 30/05/2026 Zafaa Books and Distributors INR 825.00 ZBD2026-27-0065   004.6782 BHC BC2750 06/06/2026 577.50 30/05/2026 Text Books
    Dewey Decimal Classification     BCA in Cloud Technology and Information Security PIET C-LIBRARY PIET C-LIBRARY 30/05/2026 Zafaa Books and Distributors INR 825.00 ZBD2026-27-0065   004.6782 BHC BC2751 06/06/2026 577.50 30/05/2026 Text Books
    Dewey Decimal Classification     BCA in Cloud Technology and Information Security PIET C-LIBRARY PIET C-LIBRARY 30/05/2026 Zafaa Books and Distributors INR 825.00 ZBD2026-27-0065   004.6782 BHC BC2752 06/06/2026 577.50 30/05/2026 Text Books

Design & Developed by: PIET Central Library
R70 Miles Stone Pattikalyana Samalkha Panipat 132102
mail ID :- [email protected], Phone No:- 0180-2569700 Ex.216